| 000 | 00510nam a2200157 a 4500 | ||
|---|---|---|---|
| 001 | 000036222 | ||
| 005 | 20200930074953.0 | ||
| 008 | 120111s2012 dr a 000 0 spa d | ||
| 020 | _a9789945881318 | ||
| 040 |
_aDO-SdBNP _bspa _cBNPHU |
||
| 082 |
_axxx _bP438 |
||
| 100 | 1 |
_aPérez de Disla, Digna Emérita _955994 |
|
| 245 | 1 | 0 |
_aPaz sin límites : _bUna respuesta para nuestro tiempo / _cDigna Emérita Pérez de Disla. |
| 260 |
_aSanto Domingo : _bGraphic Colonial, _c2012. |
||
| 300 |
_a141 p. : _bil. ; _c22 cm. |
||
| 999 |
_c35713 _d35713 |
||